000
00196 a2200097 4500
001
3225
100
_a
Clark, S
245
_a
Man who is france
260
_a
_b
G.G. Harrap
_c
090
_c
2505
_d
2505
942
_a
NUST-CAE
_c
M
_c
16725
999
_c
238298
_d
238298